| 000 | 01088nam a22002777a 4500 | ||
|---|---|---|---|
| 001 | BD-DhSAU 9278 | ||
| 003 | BD-DhSAU | ||
| 005 | 20260223120415.0 | ||
| 008 | 150613b2018 bg a|||| m||| 00| 0 eng d | ||
| 040 | _aBD-DhSAU | ||
| 082 |
_222 _a631.521 _bJ211 |
||
| 100 |
_aHASAN, MD. JAKIR _eRegistration # 16-07268 |
||
| 245 |
_aEffect of nitrogen and phosphorus on seed
yield germinability and seedling attributes of
brri dhan71 /
_bMS thesis |
||
| 260 |
_aSher-e-Bangla Agricultural University : _bDepartment of Seed Techonology, _c2024. |
||
| 300 |
_axii 65p. : _bill. ; _c30 cm. |
||
| 500 | _aMS thesis of Department of Seed Technology, Faculty of Seed Technology , Sher-e-Bangla Agricultural University, Dhaka, Bangladesh | ||
| 504 | _aIncludes bibliographical reference. | ||
| 590 | _aNazmul | ||
| 650 | _anitrogen and phosphorus | ||
| 650 | _agerminability and seedling attributes | ||
| 651 | _abrri dhan71 | ||
| 700 |
_aProf. Dr. A.K.M. Ruhul Amin _eSuperviser |
||
| 700 |
_aProf. Dr. Md. Abdullahil Baque _eCo-superviser |
||
| 942 |
_2ddc _cTHESIS |
||
| 999 |
_c18309 _d18308 |
||